SI ENGGANG'S SECRETcZimie

Bibliographic Details
Main Author: Zimie (Author)
Format: Book
Language:English
Published: Kuala Lumpur : Eddiplex Sdn Bhd 1997
Series:WARGA RIMBA 2
Subjects:

MARC

LEADER 00000cam a2200000 7i4500
001 0000043352
005 20171221.0
008 171221s1997 my ag 0001 eng
020 |a 9838802301 
040 |a PERPUSTAM   |b eng   |c PERPUSTAM   |e rda 
090 0 0 |a JF   |b WAR 
100 1 |a Zimie ,   |e author 
245 1 0 |a SI ENGGANG'S SECRETcZimie 
264 1 |a Kuala Lumpur :   |b Eddiplex Sdn Bhd   |c 1997 
300 |a 21 unnumbered pages :   |b colour illustration ;   |c 25cm. 
336 |a still image, rdacontent 
336 |a text, rdacontent 
337 |a unmediated  |2 rdamedia 
338 |a volume  |2 rdacarrier 
490 1 |a WARGA RIMBA 2 
650 0 |a Junior fiction-english 
830 0 |a WARGA RIMBA 2 
999 |a 61196   |b Buku   |c Koleksi Pinjaman Kanak-Kanak   |e Perbadanan Perpustakaan Awam Melaka 
999 |a 61203   |b Buku   |c Koleksi Pinjaman Kanak-Kanak   |e PK Melaka Mall 
999 |a 61208   |b Buku   |c Koleksi Pinjaman Kanak-Kanak   |e Perpustakaan Cawangan Merlimau 
999 |a 61209   |b Buku   |c Koleksi Pinjaman Kanak-Kanak   |e Perbadanan Perpustakaan Awam Melaka 
999 |a 61213   |b Buku   |c Koleksi Pinjaman Kanak-Kanak   |e Perbadanan Perpustakaan Awam Melaka 
999 |a 61214   |b Buku   |c Koleksi Pinjaman Kanak-Kanak   |e Perbadanan Perpustakaan Awam Melaka 
999 |a 61215   |b Buku   |c Koleksi Pinjaman Kanak-Kanak   |e Perpustakaan Cawangan Jasin